Buffy Characters and Stars - Statistics

General Stats
  • This quiz has been taken 345 times
  • The average score is 17 of 40
Answer Stats
Hint Answer % Correct
Buffy Sarah Michelle Gellar
99%
Angel David Boreanaz
95%
Willow Alyson Hannigan
94%
Oz Seth Green
93%
Giles Anthony Stewart Head
92%
Spike James Marsters
90%
Cordelia Charisma Carpenter
89%
Xander Nicholas Brendon
87%
Dawn Michelle Trachtenberg
85%
Faith Eliza Dushku
71%
Tara Amber Benson
69%
Anya Emma Caulfield
69%
Drusilla Juliet Landau
59%
Riley Marc Blucas
58%
Joyce Kristine Sutherland
51%
Caleb Nathan Fillion
51%
Wesley Alexis Denisof
50%
Darla Julie Benz
44%
Harmony Mercedes McNab
40%
The Master Mark Metcalf
35%
Andrew Tom Lenk
34%
Glory Clare Kramer
33%
Warren Adam Busch
29%
Jonathan Danny Strong
29%
Jenny Robia LaMorte
29%
Kendra Bianca Lawson
18%
Amy Elizabeth Anne Allen
17%
Maggie Lindsay Crouse
17%
Robin D. B. Woodside
16%
Mayor Wilkins Harry Groener
16%
Ethan Robin Sachs
16%
Adam George Hertzberg
12%
Jesse Eric Balfour
11%
Ben Charlie Weber
7%
Clem James Charles Leary
6%
Luke Brian Thompson
5%
Dracula Rudolf Martin
5%
Olivia Phina Oruche
4%
Sineya Sharon Ferguson
4%
Nikki K. D. Aubert
3%
No matching quizzes found
Score Distribution
Percent of People with Each Score
Percentile by Number Answered
Your Score History
You have not taken this quiz